| 000 | 00586nam a2200241 a 4500 | ||
|---|---|---|---|
| 001 | nice12345678 | ||
| 003 | IN_TiNIC | ||
| 005 | 20260116011258.0 | ||
| 008 | 050524s1966 newa grp 000 0 eng | ||
| 020 |
_a _c5 |
||
| 082 | 0 | 0 |
_a909.0491411 _bGHO |
| 100 | _aGhosal, H R | ||
| 245 | _aOutline History of the Indian People | ||
| 260 |
_aNew Delhi _bPublication Division Goi _c1966 |
||
| 300 | _a139p | ||
| 500 | _aincludes index and biblioraphy | ||
| 505 | 2 | _aIll | |
| 650 | _aCivilization-India | ||
| 700 | 1 | _aGhosal, H R | |
| 902 | _bSRS | ||
| 942 | _cBK | ||
| 999 |
_c127 _d127 |
||